Top 20 Most Famous Irish Counties - Statistics

General Stats
  • This quiz has been taken 180 times
  • The average score is 17 of 20
Answer Stats
% County % Correct
90 Dublin
99%
91 Cork
98%
72 Galway
96%
65 Waterford
92%
69 Derry
90%
60 Wexford
89%
62 Antrim
88%
69 Kerry
88%
67 Donegal
87%
58 Down
87%
65 Limerick
87%
62 Mayo
85%
58 Armagh
84%
58 Clare
83%
57 Meath
82%
57 Tipperary
81%
60 Sligo
79%
58 Kilkenny
78%
56 Fermanagh
77%
55 Tyrone
77%
No matching quizzes found
Score Distribution
Percent of People with Each Score
Percentile by Number Answered
Your Score History
You have not taken this quiz